000 00580nam a2200229Ia 4500
003 OSt
005 20221005125136.0
006 a|||||r|||| 00| 0
007 ta
008 221004b |||||||| |||| 00| 0 eng d
024 _a63064
037 _cTextual
040 _aCRL
_cCRL
_beng
041 _2eng
_aeng
082 _aV231:1:M9, C7
100 _aCrawford Arthur
_9636223
245 0 _aOur troubles in Poona and the Deccan
260 _c1897
650 _aHISTORY
942 _hV231:1:M9, C7
_cTEXL
_2cc
999 _c1053080
_d1053080